La banca islamica sin intereses: elementos basicos /
Guardado en:
| Autor Principal: | |
|---|---|
| Otros Autores: | |
| Formato: | Libro |
| Publicado: |
Madrid :
Agencia EspaÑola De Cooperacion Internacional,
1999
|
| Materias: | |
| Etiquetas: |
Agregar Etiqueta
Sin Etiquetas, Sea el primero en etiquetar este registro!
|
| LEADER | 00689nam a22002055a 4500 | ||
|---|---|---|---|
| 001 | EHU.bham028421 | ||
| 003 | AR-BHAM | ||
| 005 | 20110518140115.0 | ||
| 008 | 130507s1999##################000#0#####d | ||
| 082 | 2 | 9 | |a 297.273 |
| 100 | 1 | |a Lorca Corrons, Alejandro | |
| 245 | 1 | 0 | |a La banca islamica sin intereses: elementos basicos / |c Alejandro Lorca Corrons , Olivia Orozco De La Torre , |
| 260 | |a Madrid : |b Agencia EspaÑola De Cooperacion Internacional, |c 1999 | ||
| 300 | |a 113 p. | ||
| 653 | |a Islam | ||
| 653 | |a Economia arabe | ||
| 653 | |a Banca islamica | ||
| 653 | |a Economia islamica | ||
| 700 | 1 | |a Orozco De La Torre, Olivia | |
| 859 | |a AR-BHAM |b BIB. HUMANIDADES - General |h 297.273 |i L888 |p 643.05 |t Ej.1 | ||
